Stardew Fish By IRL Picture - Statistics

General Stats
  • This quiz has been taken 14 times
  • The average score is 26 of 37
Answer Stats
Picture Answer % Correct
Tuna
100%
Anchovy
91%
Eel
91%
Largemouth Bass
91%
Salmon
91%
Sardine
91%
Smallmouth bass
91%
Blobfish
82%
Carp
82%
Catfish
82%
Flounder
82%
Octopus
82%
Rainbow Trout
82%
Red Snapper
82%
Squid
82%
Stingray
82%
Bream
73%
Chub
73%
Red Mullet
73%
Tiger Trout
73%
Walleye
73%
Halibut
64%
Herring
64%
Lingcod
64%
Lionfish
64%
Perch
64%
Pufferfish
64%
Sturgeon
64%
Sunfish
64%
Tilapia
64%
Albacore
55%
Pike
55%
Shad
55%
Bullhead
45%
Stonefish
45%
Blue Discus
36%
Goby
36%
No matching quizzes found
Score Distribution
Percent of People with Each Score
Percentile by Number Answered
Your Score History
You have not taken this quiz